Casual linkages between the growth of the manufacturing industry and the growth of the macro economy in Ghana. (Record no. 606)

MARC details
000 -LEADER
fixed length control field 00585nam a2200169Ia 4500
008 - FIXED-LENGTH DATA ELEMENTS--GENERAL INFORMATION
fixed length control field 240428s9999||||xx |||||||||||||| ||und||
020 ## - INTERNATIONAL STANDARD BOOK NUMBER
International Standard Book Number 9985584806
041 ## - LANGUAGE CODE
Language code of text/sound track or separate title eng
082 ## - DEWEY DECIMAL CLASSIFICATION NUMBER
Classification number 338.4767O
100 ## - MAIN ENTRY--PERSONAL NAME
Personal name Amposah- Osei, Charity
245 #0 - TITLE STATEMENT
Title Casual linkages between the growth of the manufacturing industry and the growth of the macro economy in Ghana.
260 ## - PUBLICATION, DISTRIBUTION, ETC.
Name of publisher, distributor, etc. Institute of Economic Affairs
Place of publication, distribution, etc. Accra, Ghana
Date of publication, distribution, etc. 2008
300 ## - PHYSICAL DESCRIPTION
Extent 24p, tabs, illus.
650 ## - SUBJECT ADDED ENTRY--TOPICAL TERM
Topical term or geographic name entry element Ghana -- Economic conditions. - Economic history. - Manufacturing industries -- Ghana.
942 ## - ADDED ENTRY ELEMENTS (KOHA)
Koha item type Books
Holdings
Withdrawn status Lost status Damaged status Not for loan Home library Current library Shelving location Date acquired Total checkouts Full call number Date last seen Copy number Price effective from Koha item type
        Main Library Main Library Open Shelves 10/02/2022   338.4767O 00594 C1 29/04/2024 1 29/04/2024 Books
©2026  Parliament of Ghana Library - All rights reserved